Procuracion de órganos para transplante (Registro nro. 580)
[ vista simple ]
| 000 -CABECERA | |
|---|---|
| campo de control de longitud fija | 00524nam a2200217Ia 4500 |
| 003 - IDENTIFICADOR DEL NÚMERO DE CONTROL | |
| campo de control | AR-RoIUNI |
| 005 - FECHA Y HORA DE LA ÚLTIMA TRANSACCIÓN | |
| campo de control | 20241122062825.0 |
| 008 - DATOS DE LONGITUD FIJA--INFORMACIÓN GENERAL | |
| campo de control de longitud fija | 150616s9999 xx 000 0 und d |
| 040 ## - FUENTE DE LA CATALOGACIÓN | |
| Centro/agencia transcriptor | AR-RoIUNI |
| 040 ## - FUENTE DE LA CATALOGACIÓN | |
| Centro/agencia modificador | OCLC |
| 080 ## - NÚMERO DE LA CLASIFICACIÓN DECIMAL UNIVERSAL | |
| Número de la Clasificación Decimal Universal | 617 |
| 245 1# - MENCIÓN DE TÍTULO | |
| Título | Procuracion de órganos para transplante |
| 250 ## - MENCIÓN DE EDICIÓN | |
| Mención de edición | 1a. ed. |
| 260 ## - PUBLICACIÓN, DISTRIBUCIÓN, ETC. (PIE DE IMPRENTA) | |
| Lugar de publicación, distribución, etc. | Buenos Aires |
| Nombre del editor, distribuidor, etc. | Asociación Argentina de Cirugía |
| Fecha de publicación, distribución, etc. | 1993 |
| 300 ## - DESCRIPCIÓN FÍSICA | |
| Extensión | 103 p. |
| 300 ## - DESCRIPCIÓN FÍSICA | |
| Dimensiones | 23 cm. |
| 650 10 - PUNTO DE ACCESO ADICIONAL DE MATERIA--TÉRMINO DE MATERIA | |
| Término de materia o nombre geográfico como elemento inicial | Ética |
| 9 (RLIN) | 59 |
| 650 10 - PUNTO DE ACCESO ADICIONAL DE MATERIA--TÉRMINO DE MATERIA | |
| Término de materia o nombre geográfico como elemento inicial | Cirugía |
| 9 (RLIN) | 78 |
| 650 10 - PUNTO DE ACCESO ADICIONAL DE MATERIA--TÉRMINO DE MATERIA | |
| Término de materia o nombre geográfico como elemento inicial | Medicina |
| 9 (RLIN) | 58 |
| 942 ## - ELEMENTOS DE PUNTO DE ACCESO ADICIONAL (KOHA) | |
| Tipo de ítem Koha | Libros |
| Fuente del sistema de clasificación o colocación | Clasificación Decimal Universal |
| Estado de retiro | Estado de pérdida | Fuente del sistema de clasificación o colocación | Estado dañado | Excepción de préstamo | Código de colección | Localización permanente | Ubicación/localización actual | Ubicación en estantería | Fecha de adquisición | Número de inventario | Total de préstamos | Signatura topográfica completa | Código de barras | Fecha visto por última vez | Precio válido a partir de | Tipo de ítem Koha |
|---|---|---|---|---|---|---|---|---|---|---|---|---|---|---|---|---|
| Clasificación Decimal Universal | Humanistica | BIBLIOTECA CENTRAL | BIBLIOTECA CENTRAL | BIBLIOTECA CENTRAL | 16/06/2015 | 581 | 617 PRO | 581c | 16/06/2015 | 16/06/2015 | Libros |

